Statistics for 1st Round of 2015 NFL Draft

Click here to take the quiz!

General Stats

  • This quiz has been taken 575 times
  • The average score is 15 of 32

Answer Stats

Pick NumberTeamPositionSchoolPlayer% Correct
1Tampa BayQBFlorida StateJameis Winston
100%
2TennesseeQBOregonMarcus Mariota
99%
4OaklandWRAlabamaAmari Cooper
86%
10St. LouisRBGeorgiaTodd Gurley
84%
15San DiegoRBWisconsinMelvin Gordon
74%
14MiamiWRLouisvilleDeVante Parker
68%
7ChicagoWRWest VirginiaKevin White
67%
6New York JetsDTUSCLeonard Williams
66%
3JacksonvilleDEFloridaDante Fowler, Jr
60%
18Kansas CityCBWashingtonMarcus Peters
55%
8AtlantaDEClemsonVic Beasley
54%
9New York GiantsOTMiamiEreck Flowers
49%
20PhiladelphiaWRUSCNelson Agholor
49%
11MinnesotaCBMichigan StateTrae Waynes
49%
5WashingtonOLIowaBrandon Scherff
48%
12ClevelandDTWashingtonDanny Shelton
45%
27DallasCBConnecticutByron Jones
44%
29IndianapolisWRMiamiPhillip Dorsett
42%
26BaltimoreWRUCFBreshad Perriman
40%
13New OrleansOTStanfordAndrus Peat
37%
17San FranciscoDEOregonArik Armstead
37%
22PittsburghDEKentuckyBud Dupree
37%
23DenverDEMissouriShane Ray
36%
25CarolinaLBWashingtonShaq Thompson
35%
16HoustonCBWake ForestKevin Johnson
32%
32New EnglandDTTexasMalcom Brown
32%
24ArizonaOTFloridaDJ Humphries
21%
30Green BayFSArizona StateDamarious Randall
20%
28DetroitOGDukeLaken Tomlinson
20%
19ClevelandCFlorida StateCameron Erving
19%
31New OrleansLBClemsonStephone Anthony
18%
21CincinnatiOTTexas A&MCedric Ogbuehi
16%

Score Distribution

Percentile by Number Answered

Percent of People with Each Score

Your Score History

You have not taken this quiz